| 000 | 00575nam a22001817a 4500 | ||
|---|---|---|---|
| 999 |
_c8922 _d8922 |
||
| 008 | 210305b ||||| |||| 00| 0 eng d | ||
| 040 | _aBMS College of Architecture | ||
| 100 | _aChouhan, Akansha | ||
| 245 | _aInstitute of industrial and communication design Bangalore | ||
| 300 | _a51p. | ||
| 500 | _a1BM08AT002 | ||
| 502 |
_8B.Arch _NBMS College of Architecture, Visvesvaraya Technological, University (VTU) _aProject Report _d2013 |
||
| 650 | _aIndustrial | ||
| 650 | _aBangalor | ||
| 700 |
_aVaseem A S _eGuide |
||
| 700 |
_aSathish S Rao _eGuide |
||
| 942 |
_2ddc _cTHE |
||